プロ野球スピリッツA【プロスピA】 裏ステータスが「S」or「G」の選手名 - Statistics

General Stats
  • This quiz has been taken 125 times
    11 since last reset
  • The average score is 21 of 46
Answer Stats
球団名 登場時のメインポジション ステータス 選手名 % Correct
巨人 キャッチャー 肩力S(90) 甲斐拓也
90%
ソフトバンク キャッチャー 肩力S(94) 甲斐拓也
90%
阪神 センター 肩力S(95) 新庄剛志
80%
日本ハム センター 肩力S(92) SHINJO
80%
広島 セカンド 捕球S(96) 菊池涼介
70%
広島 セカンド スローイングS(92) 菊池涼介
70%
中日 ショート 捕球S(93) 井端弘和
70%
ソフトバンク キャッチャー 肩力S(92) 谷川原健太
70%
ソフトバンク ショート 肩力S(90) 今宮健太
70%
オリックス ライト 肩力S(94) イチロー
70%
オリックス ライト 捕球S(90) 肩力S(92) イチロー
70%
阪神 セカンド ショート センター 捕球S(90) 大和
60%
DeNA ショート 捕球S(90) 大和
60%
ヤクルト キャッチャー 肩力S(94) 古田敦也
60%
中日 ライト 肩力S(95) 英智
60%
日本ハム ライト 肩力S(96) 万波中正
60%
巨人 セカンド 捕球S(90) 仁志敏久
50%
阪神 先発 スローイングG(18) 藤浪晋太郎
50%
ヤクルト センター スローイングS(90) 肩力S(91) 飯田哲也
50%
中日 キャッチャー 肩力S(93) 加藤匠馬
50%
ロッテ キャッチャー 肩力S(93) 加藤匠馬
50%
オリックス サード 肩力S(92) 宗佑磨
50%
オリックス センター スローイングG(18) 宗佑磨
50%
広島 レフト センター ライト 肩力S(90) 野間峻祥
40%
ヤクルト ショート 捕球S(94) 宮本慎也
40%
中日 センター ライト スローイングS(95) 福留孝介
40%
オリックス レフト 捕球S(92) 肩力S(90) 田口壮
40%
西武 キャッチャー 捕球S(93) 伊東勤
40%
阪神 抑え スローイングG(19) R.ドリス
40%
阪神 レフト センター 捕球G(15) 髙山俊
30%
中日 レフト 肩力S(97) 藤井淳志
30%
中日 センター 肩力S(96) アレックス
30%
オリックス キャッチャー 肩力S(92) 中嶋聡
30%
オリックス サード ショート スローイングG(19) 中島宏之
30%
オリックス センター 肩力S(93) 駿太
30%
オリックス ライト 肩力S(92) 糸井嘉男
30%
西武 セカンド 捕球S(93) 辻発彦
30%
ロッテ ライト 肩力S(90) L.マーティン
30%
DeNA サード 捕球G(19) 古木克明
20%
楽天 先発 中継ぎ 肩力S(90) 則本昂大
20%
オリックス ライト スローイングS(91) 簑田浩二
20%
阪神 中継ぎ 捕球G(16) M.マテオ
20%
楽天 レフト センター 捕球S(90) 聖澤諒
10%
オリックス キャッチャー スローイングS(90) 梨田昌崇
10%
西武 ライト スローイングS(95) 平野謙
10%
中日 ライト 肩力S(92) A.アキーノ
10%
No matching quizzes found
Score Distribution
Percent of People with Each Score
Percentile by Number Answered
Your Score History
You have not taken this quiz since the last reset